| 000 | 00460nam a2200193Ia 4500 | ||
|---|---|---|---|
| 003 | 0100 | ||
| 008 | 130303s9999 xx 000 0 und d | ||
| 040 | _cARRUPELIB | ||
| 050 | _aJA74.C6591991 | ||
| 100 | _aConnolly, William E | ||
| 245 | _aIdentity/difference | ||
| 245 | _bdemocratic negotiations of political paradox | ||
| 260 | _aIthaca NY | ||
| 260 | _bCornell UP | ||
| 260 | _C1991 | ||
| 300 | _a244p | ||
| 650 | _bBelief and doubt | ||
| 942 | 0 | 0 | _01 |
| 999 |
_c20140 _d20140 |
||